Pro defunctis missa A4

保存先:
書誌詳細
主要な著者: Morales, Cristobal de (autor), Querol Gavalda, Miguel (著者)
フォーマット: 楽譜 図書
言語:スペイン語
出版事項: Barcelona Instituto Español de Musicología 1975
シリーズ:Música hispana. Serie B: Polifonía, 3
主題:
タグ: タグ追加
タグなし, このレコードへの初めてのタグを付けませんか!

MARC

LEADER 00000ncm a2200000 a 4500
001 UCX9844
003 CL-VaPUC
005 20220715114650.0
008 940628e19750000SP |||||||||||||||||spa|d
999 |c 228972  |d 228970 
040 |c Pontificia Universidad Católica de Valparaíso 
082 0 4 |a Ca782.3238 MOR 1975  |2 21 
100 |a Morales, Cristobal de  |e autor  |9 327328 
245 1 0 |a Pro defunctis missa A4 
260 |a Barcelona  |b Instituto Español de Musicología  |c 1975 
300 |a 23 p 
490 0 |a Música hispana. Serie B: Polifonía, 3 
583 |a last modification  |c 19940628 00:00:00  |k Rodrigo Vera 
650 0 |a Música de réquiem  |2 CL-VaPUC  |9 609084 
650 0 |a Misa de réquiem  |9 327331 
700 0 |a Querol Gavalda, Miguel  |e author  |9 327329 
942 |c BK  |2 ddc 
945 |d 19940628 00:00:00  |a oaravena 
952 |0 0  |1 0  |2 ddc  |4 0  |6 CA_782_323800000000000_MOR_1975  |7 0  |8 F  |9 229482  |a BIBEDU  |b BIBEDU  |d 2019-11-15  |i 2983877  |o Ca782.3238 MOR 1975  |p 2983877  |r 2023-11-22  |w 2019-11-15  |y PA  |k MUS